000 00730nam a2200265Ia 4500
003 OSt
005 20220918163312.0
006 a|||||r|||| 00| 0
007 ta
008 220917b |||||||| |||| 00| 0 eng d
020 _a0 521 41366 4 (pbk)
024 _a27,994
037 _cTextual
040 _aARTS
_cARTS
_beng
041 _2eng
_aeng
082 _aO111,2N06:g, N4
100 _aPilling John ed
_912582
245 0 _aCambridge companian to Beckett
260 _aCambridge
_bCUP UK
_c1994
300 _axxii,249p.
_ccm.
490 _aCambridge companians to literature
650 _aENGLISH LITERATURE
942 _hO111,2N06:g, N4
_cTEXL
_2CC
999 _c119012
_d119012